| 000 | 00860nam a2200277Ia 4500 | ||
|---|---|---|---|
| 001 | 21834 | ||
| 005 | 20260320113316.0 | ||
| 008 | 260320s9999||||xx |||||||||||||| ||und|| | ||
| 020 | _a9788429029222 | ||
| 041 | _aESP | ||
| 082 |
_a340.92 _bO86 |
||
| 100 |
_aOtero Parga, Milagros, _eAUT |
||
| 245 | 0 |
_aFrancisco Puy Muñoz : _bel profesor que educaba para la justicia |
|
| 246 |
_a _5 _b |
||
| 250 | _aPrimera edición | ||
| 260 |
_aMadrid : _bReus, _c2025 |
||
| 300 |
_a469 páginas : _b _c25 cm. _e |
||
| 440 |
_a _n _v |
||
| 500 | _aCon dedicatoria | ||
| 650 | _aCIS | ||
| 653 | _aDerecho; Derecho - Filosofía; Biografías - Francisco Puy Muñoz | ||
| 654 | _aDER | ||
| 700 |
_a _c |
||
| 856 |
_uhttps://itmsp.museknowledge.com/UCSP?groupID=2&action=source&sourceID=JSTOR_org_IP _zVéase además: Base de datos JSTOR |
||
| 942 |
_cLIB _dJUS _fTRC _2ddc _n |
||
| 999 |
_c21834 _d21834 |
||